Finnish folklore atlas /
Guardado en:
| Autor Principal: | |
|---|---|
| Formato: | Libro |
| Publicado: |
Helsinki :
[s.n.],
2009
|
| Materias: | |
| Etiquetas: |
Agregar Etiqueta
Sin Etiquetas, Sea el primero en etiquetar este registro!
|
| LEADER | 00553nam a22001935a 4500 | ||
|---|---|---|---|
| 001 | EHU.bham040310 | ||
| 003 | AR-BHAM | ||
| 005 | 20091117153143.0 | ||
| 008 | 130507s2009##################000#0#####d | ||
| 020 | |a 9789529997725 | ||
| 082 | 3 | 0 | |a 306 |
| 100 | 1 | |a Sarmela, Matti | |
| 245 | 1 | 0 | |a Finnish folklore atlas / |c Matti Sarmela |
| 260 | |a Helsinki : |b [s.n.], |c 2009 | ||
| 300 | |a 1 disco comp.acto | ||
| 653 | |a Antropología social | ||
| 653 | |a Antropología cultural | ||
| 653 | |a Folklore | ||
| 859 | |a AR-BHAM |b BIB. HUMANIDADES - CDs y DVDs |h 306 |i Sa74 |p 787.09 |t Ej.1 |v CD | ||
